[Event "3. Wittelsbacher Weihnachts-Schach-Open"]
[Site "Kelheim"]
[Date "2014.12.28"]
[Round "4.47"]
[White "Rangs, Uwe"]
[Black "Meckel, Helmut"]
[Result "0-1"]
[WhiteElo "1429"]
[BlackElo "1828"]
[PlyCount "94"]
[EventDate "2014.??.??"]
[WhiteTeam "SC Tarrasch München"]
[BlackTeam "SG Solingen"]

1. e4 e6 2. d4 d5 3. e5 c5 4. c3 Nc6 5. Nf3 f6 6. Bb5 Bd7 7. exf6 Nxf6 8. Bxc6
bxc6 9. Be3 cxd4 10. Bxd4 c5 11. Be5 Be7 12. O-O O-O 13. Nbd2 Qb6 14. c4 d4 15.
Qc2 Rab8 16. Bxb8 Rxb8 17. b3 Bd6 18. Ne4 e5 19. Nxd6 Qxd6 20. Rfe1 e4 21. Nd2
Ng4 22. Qxe4 Qxh2+ 23. Kf1 Rf8 24. Qd5+ Kh8 25. Ke2 Rxf2+ 26. Kd1 Qxg2 27. Qxg2
Rxg2 28. Kc1 Ne3 29. Nf1 Rc2+ 30. Kb1 Bf5 31. Nxe3 dxe3 32. Rd1 h5 33. Rd5 e2
34. Re5 Rd2+ 35. Kc1 Rd1+ 36. Kb2 Rxa1 37. Kxa1 Bg4 38. Kb2 h4 39. Re4 h3 40.
Rxg4 e1=Q 41. Ka3 h2 42. Rf4 Qc1+ 43. Ka4 Qxf4 44. a3 h1=Q 45. Kb5 Qd6 46. b4
Qb6+ 47. Ka4 Qd1# 0-1

[Event "3. Wittelsbacher Weihnachts-Schach-Open"]
[Site "Kelheim"]
[Date "2014.12.28"]
[Round "4.48"]
[White "Karcher, Berthold"]
[Black "Brunner, Tobias"]
[Result "0-1"]
[WhiteElo "1861"]
[BlackElo "1539"]
[PlyCount "94"]
[EventDate "2014.??.??"]
[WhiteTeam "MSA Zugzwang"]
[BlackTeam "TSV Nittenau"]

1. d4 d5 2. Nf3 Bf5 3. c4 dxc4 4. Nc3 Nf6 5. Qa4+ c6 6. Qxc4 e6 7. e3 Nbd7 8.
Be2 Bd6 9. O-O O-O 10. a3 Nb6 11. Qb3 Qc7 12. Bd2 Nbd5 13. Rac1 Nxc3 14. Bxc3
Be4 15. h3 Bd5 16. Qc2 Ne4 17. Be1 Qe7 18. Bd3 f5 19. Ne5 Ng5 20. f3 Bxe5 21.
dxe5 Qc7 22. h4 Qxe5 23. hxg5 Qxe3+ 24. Bf2 Qxg5 25. Bd4 Rfd8 26. Be5 Qe3+ 27.
Rf2 Qxe5 28. Re2 Qd4+ 29. Kf1 Bxf3 30. Rxe6 Qxd3+ 31. Qxd3 Rxd3 32. gxf3 Rxf3+
33. Kg2 Rd3 34. Rc5 Kf7 35. Re2 g6 36. Rce5 Rd7 37. b4 Rad8 38. a4 Kf6 39. b5
cxb5 40. Rxb5 b6 41. a5 bxa5 42. Rxa5 Kg5 43. Kf3 Rd3+ 44. Kf2 R8d7 45. Ra6 Rd2
46. Ke1 Rxe2+ 47. Kxe2 Kg4 0-1

[Event "3. Wittelsbacher Weihnachts-Schach-Open"]
[Site "Kelheim"]
[Date "2014.12.28"]
[Round "4.49"]
[White "Böse, Christina"]
[Black "Stierle, Martin"]
[Result "0-1"]
[WhiteElo "1414"]
[BlackElo "1894"]
[PlyCount "108"]
[EventDate "2014.??.??"]
[WhiteTeam "SC Bechhofen"]
[BlackTeam "SG Donautal Tuttlingen"]

1. e4 e6 2. d4 d5 3. exd5 exd5 4. Bd3 Nf6 5. Nf3 Bg4 6. h3 Bxf3 7. Qxf3 Be7 8.
Bf4 O-O 9. Nd2 Nbd7 10. O-O c6 11. c3 Re8 12. Rfe1 Nf8 13. Re3 Ne6 14. Bg3 c5
15. Be5 cxd4 16. Bxd4 Nxd4 17. cxd4 Qb6 18. Nb3 Bb4 19. a3 Bf8 20. Rae1 Rxe3
21. Rxe3 Rd8 22. g4 Ne8 23. Qe2 Nc7 24. Qc2 g6 25. Nc5 Qc6 26. b4 b6 27. Nb3
Qxc2 28. Bxc2 Ne6 29. Kg2 Bg7 30. Rc3 Bxd4 31. Nxd4 Nxd4 32. Bd1 Ne6 33. Bf3 d4
34. Rc2 Kg7 35. Kf1 Kf6 36. Re2 Nf4 37. Rd2 Nxh3 38. Kg2 Ng5 39. Kg3 Ne6 40.
Be2 Rc8 41. f4 Rc3+ 42. Rd3 Rxd3+ 43. Bxd3 g5 44. f5 Nf4 45. Bc4 h5 46. gxh5
Nxh5+ 47. Kg4 Nf4 48. b5 d3 49. Bb3 d2 50. a4 Ne2 51. Kf3 Nc3 52. Bc2 d1=Q+ 53.
Bxd1 Nxd1 54. Kg4 Nc3 0-1

[Event "3. Wittelsbacher Weihnachts-Schach-Open"]
[Site "Kelheim"]
[Date "2014.12.28"]
[Round "4.50"]
[White "Schmitz, Marc"]
[Black "Tautz, Helmut"]
[Result "1/2-1/2"]
[WhiteElo "1741"]
[BlackElo "1539"]
[PlyCount "61"]
[EventDate "2014.??.??"]
[WhiteTeam "SV Saal/Donau"]
[BlackTeam "SK Kelheim"]

1. d4 Nc6 2. Nf3 d5 3. Bf4 Nf6 4. e3 Nh5 5. Bg3 Bf5 6. Bd3 Nxg3 7. hxg3 Bxd3 8.
Qxd3 Qd6 9. c3 g6 10. Nbd2 e5 11. dxe5 Qe6 12. Nb3 O-O-O 13. O-O Nxe5 14. Nxe5
Qxe5 15. Qd4 Qxd4 16. cxd4 b6 17. Rac1 Kb7 18. Rc2 h5 19. Nc1 f5 20. Nd3 Bd6
21. Rfc1 h4 22. gxh4 Rxh4 23. g3 Rh3 24. Kg2 Rdh8 25. Nf4 Rh2+ 26. Kf3 g5 27.
Nxd5 g4+ 28. Ke2 Bxg3 29. Rf1 a5 30. Kd3 Bd6 31. Rfc1 1/2-1/2

[Event "3. Wittelsbacher Weihnachts-Schach-Open"]
[Site "Kelheim"]
[Date "2014.12.28"]
[Round "4.51"]
[White "Blank, Stefan"]
[Black "Häusler, Florian"]
[Result "1-0"]
[WhiteElo "1827"]
[BlackElo "1532"]
[PlyCount "81"]
[EventDate "2014.??.??"]
[WhiteTeam "SC Sulzbach"]
[BlackTeam "TSV Kareth-Lappersdorf"]

1. e4 c5 2. Nf3 d6 3. g3 Nc6 4. Bg2 g6 5. O-O Bg7 6. c3 e5 7. d3 Nge7 8. Be3
O-O 9. Na3 h6 10. h3 Kh7 11. Nh2 f5 12. f4 Be6 13. fxe5 Nxe5 14. exf5 Nxf5 15.
Bf2 Qg5 16. h4 Qe7 17. Re1 Qd7 18. Be4 Rac8 19. h5 d5 20. hxg6+ Nxg6 21. Bg2 d4
22. c4 Ne3 23. Bxe3 dxe3 24. Nc2 Qd6 25. Rxe3 Ne7 26. Qe2 Bd4 27. Nxd4 Qxd4 28.
Kh1 Nf5 29. Be4 Kh8 30. Bxf5 Bxf5 31. Nf3 Qd6 32. Nh4 Bh3 33. Kh2 Bd7 34. Re1
Rg8 35. Rf3 Rce8 36. Qf2 Bc6 37. Rxe8 Rxe8 38. Rf6 Qxd3 39. Rf8+ Rxf8 40. Qxf8+
Kh7 41. Qf7+ 1-0

[Event "3. Wittelsbacher Weihnachts-Schach-Open"]
[Site "Kelheim"]
[Date "2014.12.28"]
[Round "4.52"]
[White "Goderbauer, Josef"]
[Black "Voith, Walter"]
[Result "1-0"]
[WhiteElo "1735"]
[BlackElo "1650"]
[PlyCount "45"]
[EventDate "2014.??.??"]
[WhiteTeam "SC Moosburg"]
[BlackTeam "TSV Oberviechtach"]

1. f4 c5 2. e4 d6 3. Nf3 Nc6 4. Bb5 Qb6 5. Nc3 Bd7 6. d3 e6 7. O-O Nge7 8. Qe1
g6 9. Bxc6 Bxc6 10. f5 gxf5 11. exf5 Nxf5 12. Ng5 O-O-O 13. Nxf7 c4+ 14. Rf2
Rg8 15. Qxe6+ Bd7 16. Qxc4+ Kb8 17. Nxd8 Rg6 18. Nf7 Be6 19. Qb5 Qxb5 20. Nxb5
Nh4 21. Nbxd6 Bd5 22. Ne4 Bg7 23. c3 1-0

[Event "3. Wittelsbacher Weihnachts-Schach-Open"]
[Site "Kelheim"]
[Date "2014.12.28"]
[Round "4.53"]
[White "Karl, Thomas"]
[Black "Schindler, Tobias"]
[Result "1/2-1/2"]
[WhiteElo "1390"]
[BlackElo "1721"]
[PlyCount "31"]
[EventDate "2014.??.??"]
[WhiteTeam "SK Kelheim"]
[BlackTeam "SK Kelheim"]

1. d4 d5 2. c4 c6 3. Nf3 Nf6 4. Nc3 dxc4 5. e3 b5 6. a4 b4 7. Nb1 e6 8. Bxc4 c5
9. O-O Nc6 10. dxc5 Qxd1 11. Rxd1 Bxc5 12. b3 O-O 13. Nbd2 Bb7 14. Bb2 Be7 15.
Rac1 Rfd8 16. Nd4 1/2-1/2

[Event "3. Wittelsbacher Weihnachts-Schach-Open"]
[Site "Kelheim"]
[Date "2014.12.28"]
[Round "4.54"]
[White "Wieczorek, Heinz"]
[Black "Schulz, Angelika"]
[Result "0-1"]
[WhiteElo "1816"]
[BlackElo "1503"]
[PlyCount "45"]
[EventDate "2014.??.??"]
[WhiteTeam "SW Nürnberg Süd"]
[BlackTeam "SV Erkenschwick"]

1. e4 g6 2. d4 Bg7 3. Nc3 d6 4. f4 Nd7 5. Nf3 e6 6. Be2 Ne7 7. O-O O-O 8. Qe1
b6 9. Be3 Bb7 10. Rd1 d5 11. e5 c5 12. Nb5 Nf5 13. Bf2 a6 14. Nc3 Qc7 15. Bd3
Nxd4 16. Nxd4 cxd4 17. Bxd4 Nc5 18. Be2 Rac8 19. Bf3 Rfe8 20. h4 Qe7 21. g4 h6
22. Rd2 f5 23. exf6 {Partie nicht weiter konstruierbar} 0-1

[Event "3. Wittelsbacher Weihnachts-Schach-Open"]
[Site "Kelheim"]
[Date "2014.12.28"]
[Round "4.55"]
[White "Jaschke, Dieter"]
[Black "Guckes, Fabian"]
[Result "1/2-1/2"]
[WhiteElo "1921"]
[BlackElo "1524"]
[PlyCount "59"]
[EventDate "2014.??.??"]
[WhiteTeam "TSV Kirchenlaibach"]
[BlackTeam "SV Worms"]

1. d4 Nf6 2. Nf3 g6 3. g3 Bg7 4. Bg2 O-O 5. c4 d6 6. Nc3 Nbd7 7. e4 e5 8. d5 a5
9. O-O Nc5 10. Nh4 Ne8 11. a3 Bd7 12. Be3 Na6 13. Qd2 Qe7 14. f4 b6 15. f5 Nf6
16. Bg5 Nc5 17. Qc2 Qe8 18. b4 Nb7 19. Bh3 h6 20. Bxf6 Bxf6 21. fxg6 Bxh3 22.
Rxf6 axb4 23. Nb5 Qe7 24. Qf2 Kg7 25. Nf5+ Bxf5 26. Rxf5 fxg6 27. Rxf8 Qxf8 28.
Qxf8+ Kxf8 29. Rf1+ Ke7 30. axb4 1/2-1/2

[Event "3. Wittelsbacher Weihnachts-Schach-Open"]
[Site "Kelheim"]
[Date "2014.12.28"]
[Round "4.56"]
[White "Helf, Stefan"]
[Black "Glück, Ulrich"]
[Result "0-1"]
[WhiteElo "1667"]
[BlackElo "1713"]
[PlyCount "126"]
[EventDate "2014.??.??"]
[WhiteTeam "SK Abensberg"]
[BlackTeam "MSA Zugzwang"]

1. e4 c5 2. Nf3 e6 3. d4 cxd4 4. Nxd4 a6 5. c4 Nc6 6. Nc3 Qc7 7. Be3 Bb4 8.
Nxc6 bxc6 9. Qg4 Qe5 10. Bd2 d5 11. O-O-O d4 12. Bf4 Qf6 13. e5 Qg6 14. Qxg6
hxg6 15. Rxd4 Bxc3 16. bxc3 Nh6 17. Bg5 O-O 18. c5 Nf5 19. Rb4 f6 20. Bf4 Ne7
21. exf6 Nd5 22. Rc4 Nxf4 23. Rxf4 gxf6 24. Bc4 Kg7 25. Rd1 e5 26. Re4 Bf5 27.
Re2 Rfb8 28. Rb2 Rxb2 29. Kxb2 Rb8+ 30. Ka3 a5 31. Rd6 Rb1 32. Rxc6 a4 33. Rc7+
Kh6 34. Kxa4 Rb2 35. Bd5 Rxf2 36. c6 e4 37. Re7 Rf4 38. Kb5 g5 39. Be6 e3 40.
Kb6 Re4 41. Bxf5 Rxe7 42. Bd3 e2 43. Bxe2 Rxe2 44. c4 f5 45. a4 f4 46. a5 g4
47. a6 f3 48. gxf3 gxf3 49. a7 Re8 50. Kb7 f2 51. a8=Q Rxa8 52. Kxa8 f1=Q 53.
c7 Qxc4 54. Kb8 Qb5+ 55. Ka8 Qa6+ 56. Kb8 Qb6+ 57. Kc8 Kg7 58. Kd7 Qb5+ 59. Kd8
Qd5+ 60. Kc8 Kf7 61. h4 Ke7 62. Kb8 Qb5+ 63. Kc8 Kd6 0-1

[Event "3. Wittelsbacher Weihnachts-Schach-Open"]
[Site "Kelheim"]
[Date "2014.12.28"]
[Round "4.57"]
[White "Klimpel, Siegfried"]
[Black "Krause, Karl-Heinz"]
[Result "1-0"]
[WhiteElo "1836"]
[BlackElo "1474"]
[PlyCount "109"]
[EventDate "2014.??.??"]
[WhiteTeam "TSV Kareth-Lappersdorf"]
[BlackTeam "SK Landau-Dingolfing"]

1. e4 e5 2. Nf3 d6 3. d4 Bg4 4. Bc4 Bxf3 5. Qxf3 Qf6 6. Qb3 Nd7 7. Qxb7 Rd8 8.
Nc3 Ne7 9. Nb5 Rc8 10. Be3 d5 11. exd5 Qb6 12. Qxa7 Nxd5 13. Qa4 Nxe3 14. fxe3
Be7 15. O-O O-O 16. Kh1 c6 17. Nc3 exd4 18. exd4 Nf6 19. Rae1 Qc7 20. Be2 Rcd8
21. Bf3 Nd5 22. Qc4 Nxc3 23. Qxc3 Rd6 24. Qc4 Rh6 25. h3 Bf6 26. c3 Qg3 27. Qe2
Bh4 28. Qe5 Qg6 29. Be4 Qg3 30. Qxg3 Bxg3 31. Re3 Bc7 32. a4 Re6 33. Bxh7+ Kxh7
34. Rxe6 f6 35. Rfe1 Rd8 36. Rxc6 Bf4 37. a5 Kg6 38. a6 Rd7 39. b4 Bd2 40. Re2
Bf4 41. b5 Ra7 42. Rce6 Kg5 43. Re7 Ra8 44. Rxg7+ Kh6 45. Ree7 Rc8 46. Rc7 Ra8
47. Ra7 Re8 48. Rge7 Rc8 49. Re4 Bg3 50. Re3 Bf4 51. Rf3 Kg5 52. b6 Bd6 53. Rd7
Bf4 54. Rxf4 Kxf4 55. b7 1-0

[Event "3. Wittelsbacher Weihnachts-Schach-Open"]
[Site "Kelheim"]
[Date "2014.12.28"]
[Round "4.58"]
[White "Burgard, Manfred"]
[Black "Fröhlich, Manuel"]
[Result "0-1"]
[WhiteElo "1355"]
[BlackElo "1711"]
[PlyCount "102"]
[EventDate "2014.??.??"]
[WhiteTeam "SF Roding"]
[BlackTeam "TSV Oberviechtach"]

1. d4 c5 2. d5 e6 3. c4 exd5 4. cxd5 Bd6 5. Nc3 Nf6 6. g3 a6 7. a4 Qe7 8. Bg2
Bc7 9. Nh3 d6 10. O-O h6 11. Qc2 Bg4 12. f3 Bxh3 13. Bxh3 Ba5 14. e4 O-O 15.
Be3 Re8 16. Rad1 Nbd7 17. Qc1 Nb6 18. Ne2 Nfxd5 19. Bxh6 gxh6 20. Qxh6 Qf8 21.
Qh5 Re5 22. Bf5 Qg7 23. Kf2 Nf6 24. Qh3 Rd8 25. Nf4 Nc4 26. Nd3 Ree8 27. b3 Nd2
28. Rfe1 Nxb3 29. Re2 c4 30. Nf4 c3 31. g4 Bb6+ 32. Kf1 Qg5 33. Nd5 Nxd5 34.
Rxd5 Re5 35. Qh7+ Kf8 36. Qh8+ Qg8 37. Qh6+ Qg7 38. Qh4 Nd2+ 39. Kg2 c2 40. Qe1
Nc4 41. Qc1 Rde8 42. Rxe5 Qxe5 43. Qh6+ Qg7 44. Qc1 Re5 45. Kg3 Rc5 46. Rxc2
Qe5+ 47. f4 Qd4 48. Qb1 Qd3+ 49. Kh4 Bd8+ 50. g5 Ne3 51. Rxc5 Qxb1 0-1

[Event "3. Wittelsbacher Weihnachts-Schach-Open"]
[Site "Kelheim"]
[Date "2014.12.28"]
[Round "4.59"]
[White "Antczak, Lena"]
[Black "Voigt, Tobias"]
[Result "1-0"]
[WhiteElo "1614"]
[BlackElo "1582"]
[PlyCount "81"]
[EventDate "2014.??.??"]
[WhiteTeam "SK Kelheim"]
[BlackTeam "SK München Südost"]

1. e4 e6 2. d4 d5 3. Nd2 dxe4 4. Nxe4 Bd7 5. Nf3 Bc6 6. Ng3 Nd7 7. Bd3 Ngf6 8.
O-O Bd6 9. c4 O-O 10. Rb1 Bxf3 11. Qxf3 c6 12. Ne4 Qc7 13. Nxd6 Qxd6 14. Rd1
Kh8 15. Bc2 Rfe8 16. Bf4 Qe7 17. Be5 c5 18. Qxb7 cxd4 19. Bxd4 Reb8 20. Qf3 Rc8
21. b3 Rab8 22. Bxa7 Ra8 23. Bd4 Rxa2 24. Rb2 Qa3 25. Rxa2 Qxa2 26. Qe2 e5 27.
Ra1 Qxa1+ 28. Bxa1 Ra8 29. Bc3 Ra2 30. Qd1 g6 31. g4 h6 32. h4 Kg7 33. g5 hxg5
34. hxg5 Nh7 35. Qxd7 Rxc2 36. Bxe5+ Kg8 37. Qe8+ Nf8 38. Bd6 Rc3 39. Qxf8+ Kh7
40. Qxf7+ Kh8 41. Be5# 1-0

[Event "3. Wittelsbacher Weihnachts-Schach-Open"]
[Site "Kelheim"]
[Date "2014.12.28"]
[Round "4.60"]
[White "Lohr, Maximilian"]
[Black "Obermeier, Johannes"]
[Result "1/2-1/2"]
[WhiteElo "1318"]
[BlackElo "1613"]
[PlyCount "89"]
[EventDate "2014.??.??"]
[WhiteTeam "TSV Mainburg"]
[BlackTeam "SK Kelheim"]

1. e4 e5 2. Nf3 Nc6 3. d4 exd4 4. Nxd4 Bc5 5. Be3 Qf6 6. Nb5 Bxe3 7. fxe3 Qd8
8. Qg4 g6 9. Qf4 d6 10. N1c3 a6 11. Nd4 Qf6 12. Nxc6 bxc6 13. Bc4 Be6 14. Qxf6
Nxf6 15. Bxe6 fxe6 16. O-O O-O 17. h3 e5 18. a3 a5 19. b3 Rab8 20. Rad1 Rf7 21.
a4 Rb4 22. Rd3 Nxe4 23. Nxe4 Rxe4 24. Rxf7 Kxf7 25. Kf2 Rb4 26. Rc3 c5 27. Rc4
Rxc4 28. bxc4 Kf6 29. e4 Kg5 30. Kg3 h5 31. h4+ Kf6 32. Kf3 g5 33. g3 g4+ 34.
Ke3 c6 35. c3 Ke6 36. Kd3 d5 37. exd5+ cxd5 38. cxd5+ Kxd5 39. c4+ Kd6 40. Ke3
Ke7 41. Kd3 Kf6 42. Ke2 Kf5 43. Ke3 e4 44. Kf2 Kf6 45. Ke2 1/2-1/2

[Event "3. Wittelsbacher Weihnachts-Schach-Open"]
[Site "Kelheim"]
[Date "2014.12.28"]
[Round "4.61"]
[White "Weidenhöfer, Robert"]
[Black "Kutschera, Reinhardt"]
[Result "0-1"]
[WhiteElo "1736"]
[BlackElo "1403"]
[PlyCount "108"]
[EventDate "2014.??.??"]
[WhiteTeam "SW Nürnberg Süd"]
[BlackTeam "DJK-Regensburg Nord"]

1. b3 d5 2. Bb2 d4 3. Nf3 c5 4. e3 Nc6 5. Bb5 Bg4 6. h3 Bxf3 7. Qxf3 Rc8 8.
exd4 cxd4 9. O-O Nf6 10. Qf4 Qd5 11. Bc4 Qe4 12. Qxe4 Nxe4 13. Bd5 Nd6 14. Na3
Nb4 15. Bc4 Nxc4 16. bxc4 e5 17. d3 Bd6 18. Nb5 Bb8 19. Na3 O-O 20. Rfd1 a6 21.
c3 dxc3 22. Bxc3 Nc6 23. Rab1 Bd6 24. Nc2 Rc7 25. Ne3 f6 26. Nd5 Rd7 27. Rb3
Bc5 28. a3 b5 29. Kf1 bxc4 30. dxc4 Kf7 31. Bb4 Rb8 32. Rdb1 Rdb7 33. R3b2 Bd4
34. Bc3 Rxb2 35. Bxb2 Rxb2 36. Rxb2 Bxb2 37. a4 a5 38. Ke2 Bd4 39. f3 Ne7 40.
Nc7 Nc8 41. Nd5 Ke6 42. Kd3 Nb6 43. Nxb6 Bxb6 44. Ke4 h5 45. g4 h4 46. f4 exf4
47. Kxf4 g5+ 48. Ke4 Kd6 49. Kd3 Ke5 50. c5 Bxc5 51. Kc4 Bb4 52. Kb5 Kf4 53.
Kc6 Kg3 54. Kd5 Kxh3 0-1

[Event "3. Wittelsbacher Weihnachts-Schach-Open"]
[Site "Kelheim"]
[Date "2014.12.28"]
[Round "4.62"]
[White "Guckes, Simon"]
[Black "Stutz, Robert"]
[Result "0-1"]
[WhiteElo "1007"]
[BlackElo "1816"]
[PlyCount "102"]
[EventDate "2014.??.??"]
[WhiteTeam "SV Worms"]
[BlackTeam "TSV Grossmehring"]

1. e4 d6 2. d4 Nf6 3. Nc3 Nbd7 4. Nf3 e5 5. dxe5 dxe5 6. Bc4 Be7 7. O-O O-O 8.
Bg5 c6 9. Qd3 b5 10. Bb3 Qc7 11. Nd2 Nc5 12. Qg3 Nxb3 13. Nxb3 b4 14. Bh6 Nh5
15. Qf3 bxc3 16. Qxh5 gxh6 17. Qxh6 Qd6 18. Qe3 Qg6 19. Qxc3 Bf6 20. Rfe1 Bd7
21. Rad1 Rad8 22. Nc5 Bg4 23. Rd3 Rxd3 24. Qxd3 Rd8 25. Qg3 Bc8 26. Qxg6+ hxg6
27. Nd3 Kg7 28. h3 Kf8 29. Nb4 Bb7 30. Re3 Rd1+ 31. Kh2 c5 32. Nd3 Bg5 33. Rg3
Bf4 34. Nxf4 exf4 35. Rf3 g5 36. h4 Bxe4 37. Rc3 g4 38. Rxc5 f3 39. g3 Rf1 40.
Rc4 Rxf2+ 41. Kg1 Re2 42. Rc8+ Kg7 43. Re8 Rg2+ 44. Kf1 Bxc2 45. b3 Bd3+ 46.
Ke1 f2+ 47. Kd2 f1=Q+ 48. Kc3 Qf5 49. Re3 Rc2+ 50. Kb4 Qc5+ 51. Ka4 Rxa2# 0-1

[Event "3. Wittelsbacher Weihnachts-Schach-Open"]
[Site "Kelheim"]
[Date "2014.12.28"]
[Round "4.63"]
[White "Grieneisen Pivatto, Nicolas"]
[Black "Gottschall, Ina"]
[Result "1/2-1/2"]
[WhiteElo "1358"]
[BlackElo "1773"]
[PlyCount "47"]
[EventDate "2014.??.??"]
[WhiteTeam "FSV Großenseebach"]
[BlackTeam "USV TU Dresden"]

1. d4 g6 2. c4 c5 3. e3 Bg7 4. Nf3 Nf6 5. Nc3 cxd4 6. exd4 O-O 7. Bf4 d6 8. Bd3
Nc6 9. O-O Bg4 10. h3 Bxf3 11. Qxf3 Qb6 12. d5 Nd4 13. Qe3 Rfe8 14. Qd2 Qd8 15.
Bxg6 fxg6 16. Qxd4 Nh5 17. Qd2 Rc8 18. Be3 a6 19. b3 b5 20. Qd3 Rf8 21. Rac1
bxc4 22. bxc4 Nf6 23. Ne4 Nd7 24. c5 1/2-1/2

[Event "3. Wittelsbacher Weihnachts-Schach-Open"]
[Site "Kelheim"]
[Date "2014.12.28"]
[Round "4.64"]
[White "Aigner, Georg"]
[Black "Haxhija, Florim"]
[Result "1-0"]
[WhiteElo "1845"]
[BlackElo "911"]
[PlyCount "24"]
[EventDate "2014.??.??"]
[WhiteTeam "TSV Dietfurt/Altm."]
[BlackTeam "SK Kelheim"]

1. e4 e5 2. Nf3 Nc6 3. Bb5 Bc5 4. O-O Nf6 5. d3 d6 6. d4 exd4 7. Nxd4 Bxd4 8.
Qxd4 Bd7 9. Bxc6 Bxc6 10. Bg5 Qe7 11. Nc3 Qe5 12. Bxf6 Qxd4 1-0

[Event "3. Wittelsbacher Weihnachts-Schach-Open"]
[Site "Kelheim"]
[Date "2014.12.28"]
[Round "4.65"]
[White "Scholz, Gerhart"]
[Black "Mack, Patrick"]
[Result "0-1"]
[WhiteElo "1549"]
[BlackElo "1345"]
[PlyCount "56"]
[EventDate "2014.??.??"]
[WhiteTeam "SK Abensberg"]
[BlackTeam "SC Bechhofen"]

1. d4 d5 2. Nf3 Nf6 3. c4 e6 4. Bg5 Be7 5. e3 b6 6. Bxf6 Bxf6 7. cxd5 Qxd5 8.
Nbd2 O-O 9. Qc2 Qd6 10. a3 Bb7 11. Ne4 Bxe4 12. Qxe4 Nd7 13. Bb5 Rac8 14. Rc1
Rfd8 15. O-O c5 16. Rfd1 cxd4 17. Rxc8 Rxc8 18. Bxd7 Qxd7 19. exd4 g6 20. Qb1
Rc6 21. Ne5 Bxe5 22. dxe5 Qc7 23. f4 Rc4 24. g3 Qc5+ 25. Kg2 Rc2+ 26. Kh3 Qf2
27. Rh1 Rd2 28. b4 Qf3 0-1

[Event "3. Wittelsbacher Weihnachts-Schach-Open"]
[Site "Kelheim"]
[Date "2014.12.28"]
[Round "4.66"]
[White "Kornitzky, Tino"]
[Black "Kukulina, Sonja"]
[Result "1-0"]
[WhiteElo "1627"]
[BlackElo "1482"]
[PlyCount "131"]
[EventDate "2014.??.??"]
[WhiteTeam "TSV Bindlach"]
[BlackTeam "SK München Südost"]

1. d4 d5 2. c4 e6 3. cxd5 exd5 4. Nc3 Nf6 5. Bf4 Bb4 6. e3 Ne4 7. Qc2 Bf5 8.
Bd3 Nc6 9. Nge2 Qh4 10. O-O O-O-O 11. Nxe4 dxe4 12. Bb5 Qf6 13. Rfd1 Ba5 14. a3
g5 15. Bxc6 Qxc6 16. Qxc6 bxc6 17. Bxg5 Rd5 18. Nf4 Rb5 19. b4 Bg4 20. Bf6 Rg8
21. Rdc1 Bb6 22. Be5 a5 23. Ra2 Kb7 24. Rac2 axb4 25. axb4 Rxb4 26. Rxc6 Rc8
27. Nd5 Rb5 28. Nxb6 Rxb6 29. Rxc7+ Rxc7 30. Rxc7+ Ka6 31. h3 Be6 32. Kh2 Rb2
33. Kg3 Rb8 34. Rc6+ Rb6 35. Rxb6+ Kxb6 36. Bf4 Bd5 37. Kg4 Kb5 38. Kg5 Kc6 39.
Kh6 Kb5 40. Kxh7 Kc4 41. g4 Kd3 42. g5 Ke2 43. Bg3 Kf3 44. h4 Kg4 45. g6 fxg6
46. Kxg6 Be6 47. Kf6 Bd5 48. Ke5 Bb7 49. d5 Bxd5 50. Kxd5 Kf5 51. Kd4 Ke6 52.
Kxe4 Ke7 53. Kf5 Kf7 54. e4 Ke7 55. e5 Kf7 56. h5 Ke7 57. h6 Kd7 58. h7 Kc6 59.
h8=Q Kd5 60. Qd8+ Kc6 61. Qd6+ Kb7 62. Ke6 Ka7 63. Qb4 Ka6 64. Kd6 Ka7 65. Kc7
Ka6 66. Qb6# 1-0

[Event "3. Wittelsbacher Weihnachts-Schach-Open"]
[Site "Kelheim"]
[Date "2014.12.28"]
[Round "4.67"]
[White "Huchler Stefan"]
[Black "Schwab, Leon"]
[Result "0-1"]
[WhiteElo "1488"]
[BlackElo "1237"]
[PlyCount "90"]
[EventDate "2014.??.??"]
[WhiteTeam "SK Hohenems"]
[BlackTeam "SK Kelheim"]

1. e4 d6 2. d4 Nf6 3. Nc3 g6 4. Nf3 Bg7 5. Bg5 O-O 6. Qd2 Nbd7 7. O-O-O Nb6 8.
h3 Be6 9. Bh6 Bc4 10. Bxg7 Kxg7 11. g4 a6 12. Qf4 Bxf1 13. Rhxf1 Qc8 14. Rg1 c5
15. d5 Nc4 16. h4 b5 17. h5 Rg8 18. hxg6 hxg6 19. e5 Nd7 20. Rh1 Rh8 21. Ng5
Ndxe5 22. Rxh8 Qxh8 23. Qg3 Qh6 24. f4 Rh8 25. Qg1 Nf3 26. Nxf3 Qxf4+ 27. Kb1
Qxf3 28. a4 b4 29. Na2 Ne3 30. Re1 Nxd5 31. Nc1 Rh3 32. Rf1 Rg3 33. Qh1 Qxh1
34. Rxh1 Rxg4 35. Nd3 f5 36. Rd1 e6 37. Nf2 Rg2 38. Nd3 Ne3 39. Rc1 Rd2 40. Nf4
Kf6 41. Nd3 Rd1 42. b3 Rxc1+ 43. Kxc1 g5 44. Kd2 f4 45. Ke2 Nxc2 0-1

[Event "3. Wittelsbacher Weihnachts-Schach-Open"]
[Site "Kelheim"]
[Date "2014.12.28"]
[Round "4.68"]
[White "Schilay, Erich"]
[Black "Mosler, Ernst"]
[Result "0-1"]
[WhiteElo "849"]
[BlackElo "1656"]
[PlyCount "64"]
[EventDate "2014.??.??"]
[WhiteTeam "SK Neumarkt"]
[BlackTeam "SV Wettstetten"]

1. e4 e5 2. Nf3 Nc6 3. Be2 Be7 4. O-O Nf6 5. d3 d6 6. c3 O-O 7. Nbd2 Re8 8. b4
Bf8 9. a3 d5 10. exd5 Nxd5 11. Re1 Nxc3 12. Qc2 Nxe2+ 13. Rxe2 Bg4 14. h3 Bh5
15. g4 Bg6 16. Ne4 f6 17. Rd2 Qe7 18. Nh4 Bf7 19. Ng2 Nd4 20. Qd1 Nb3 21. Bb2
Nxa1 22. Bxa1 Rad8 23. Ng3 Be6 24. f3 Rd7 25. f4 exf4 26. Nxf4 Bf7 27. Nfe2
Qe3+ 28. Kh2 Qf2+ 29. Kh1 Bd5+ 30. Ne4 Bxe4+ 31. dxe4 Rxd2 32. Qg1 Rxe2 0-1

[Event "3. Wittelsbacher Weihnachts-Schach-Open"]
[Site "Kelheim"]
[Date "2014.12.28"]
[Round "4.69"]
[White "Oberley, Karl-Heinz"]
[Black "Grieneisen Pivatto, Vivian"]
[Result "1-0"]
[WhiteElo "1118"]
[BlackElo "1133"]
[PlyCount "65"]
[EventDate "2014.??.??"]
[WhiteTeam "SK Ingolstadt"]
[BlackTeam "FSV Großenseebach"]

1. e4 c5 2. c3 Nc6 3. Bc4 Nf6 4. Nf3 Nxe4 5. Bd5 Nf6 6. Bxc6 bxc6 7. O-O g6 8.
d4 cxd4 9. Nxd4 Bg7 10. Re1 O-O 11. Be3 e5 12. Nb3 d5 13. N1d2 Re8 14. h3 Bf5
15. f3 Qd6 16. Qe2 Nd7 17. Qf2 a6 18. Nc5 d4 19. cxd4 exd4 20. Nb7 dxe3 21.
Rxe3 Rxe3 22. Nxd6 Bd4 23. Kh2 Rd3 24. Qe1 Bxb2 25. Nxf5 Bxa1 26. Qxa1 gxf5 27.
Nc4 f6 28. Qb1 Rd4 29. Ne3 f4 30. Nf5 Rc4 31. Qb7 Rb8 32. Qxd7 Kh8 33. Qg7# 1-0

[Event "3. Wittelsbacher Weihnachts-Schach-Open"]
[Site "Kelheim"]
[Date "2014.12.28"]
[Round "4.70"]
[White "Hofer, Jakob"]
[Black "Boos-Guckes, Astrid"]
[Result "0-1"]
[WhiteElo "784"]
[BlackElo "1078"]
[PlyCount "98"]
[EventDate "2014.??.??"]
[WhiteTeam "SK Kelheim"]
[BlackTeam "SV Worms"]

1. e4 d6 2. Nc3 Nf6 3. Nf3 g6 4. Bc4 Bg7 5. d3 O-O 6. O-O c6 7. Bb3 b5 8. a4 b4
9. Ne2 Bg4 10. Nfd4 e5 11. Nf3 Bxf3 12. gxf3 Qd7 13. Kg2 a5 14. c3 c5 15. cxb4
cxb4 16. Bd5 Nxd5 17. exd5 Na6 18. b3 Nc7 19. f4 exf4 20. Nxf4 Bxa1 21. d4 Qf5
22. Nd3 Bxd4 23. Qe2 Rfe8 24. Qd1 Nxd5 25. Bd2 Qxd3 26. Kg1 Re4 27. Re1 Rxe1+
28. Qxe1 Qf3 29. Bg5 Qg4+ 30. Kh1 Qxg5 31. h3 Nf4 32. Qf1 Re8 33. Qg1 Qxg1+ 34.
Kxg1 Nxh3+ 35. Kg2 Nf4+ 36. Kf3 Nd3 37. Kg3 Nc1 38. f3 Nxb3 39. f4 Re3+ 40. Kg4
Nc5 41. f5 gxf5+ 42. Kxf5 b3 43. Kf4 b2 44. Kg4 b1=Q 45. Kf4 Qf1+ 46. Kg4 Kg7
47. Kg5 Rg3+ 48. Kh4 Qf4+ 49. Kh5 Qg5# 0-1

[Event "3. Wittelsbacher Weihnachts-Schach-Open"]
[Site "Kelheim"]
[Date "2014.12.28"]
[Round "5.2"]
[White "Wurzel, Andre"]
[Black "Krivoborodov, Egor"]
[Result "0-1"]
[WhiteElo "2243"]
[BlackElo "2517"]
[PlyCount "98"]
[EventDate "2014.??.??"]
[WhiteTeam "SK Ingolstadt"]
[BlackTeam "SC Garching"]

1. d4 Nf6 2. c4 e6 3. Nc3 Bb4 4. e3 O-O 5. Nge2 d5 6. a3 Bd6 7. Ng3 c6 8. Bd3
e5 9. dxe5 Bxe5 10. Qc2 Be6 11. Nce2 dxc4 12. Bxc4 Bxc4 13. Qxc4 Qa5+ 14. Bd2
Qa6 15. Qxa6 Nxa6 16. Bc3 Nc5 17. Rd1 Bxc3+ 18. Nxc3 a5 19. h3 Ra6 20. Kd2 b5
21. Ke2 b4 22. Nb1 Rb6 23. Nd2 bxa3 24. bxa3 Na4 25. Kf3 Nd5 26. Nc4 Rb5 27.
Nf5 Rc5 28. Ne5 Re8 29. Nd7 Rc3 30. Nd4 f6 31. Nxc6 Nxe3 32. fxe3 Rxc6 33. Rd4
Nb2 34. Kf2 Rc2+ 35. Kf3 Rc3 36. Re1 Rxa3 37. Nb6 Rb3 38. Na4 Nd3 39. Re2 Kf7
40. Rd5 Re5 41. Rd4 h5 42. Rd7+ Kg6 43. Rd4 Nb4 44. Nb2 Rf5+ 45. Kg3 Rc5 46.
Rc4 Re5 47. Kf3 Nd5 48. Nd1 Rd3 49. Re1 Rxd1 0-1